000 00303nam a22001337a 4500
008 170927b xxu||||| |||| 00| 0 eng d
020 _a0121085502
041 _aeng
080 _a37
100 _a46
101 _aEDU
245 _aREPRESENTATION AND UNDERSTANDING
_cBARAVO.D.G
942 _2udc
_cBK
999 _c30141
_d30141